000 00559nam a2200229Ia 4500
003 OSt
005 20220924152830.0
006 a|||||r|||| 00| 0
007 ta
008 220923b |||||||| |||| 00| 0 guj d
024 _a344904
037 _cTextual
040 _aARTS
_cARTS
_bguj
041 _2guj
_aguj
082 _aO156,1I70w, F9
100 _aPandaya
_9227583
245 0 _aNarsima mehto
260 _c1929
650 _aGUJRATI LITERATURE
942 _hO156,1I70w, F9
_cTEXL
_2CC
999 _c471166
_d471166